000 00308nam a22001337a 4500
003 SGT
082 _a612.015
_bT14H
100 _aHEGDE, PRAKASH L
245 _aA TEXT BOOK OF DRAVYAGUNA VIJNANA
260 _aVARANASI
_bCHAUKHAMBHA
_c2014
300 _a991
650 _aDRAVYAGUNA VIJNANA
942 _2ddc
_cBK
_03
999 _c8454
_d8454